Quizzes
Events
Quiz Creation
Community
Videos
Private Events
Remove Ads
Sign In
Join for FREE
Feedback
Dark Mode
Quiz Categories
Sports
Geography
Music
Movies
Television
Just For Fun
Miscellaneous
History
Literature
Language
Science
Gaming
Entertainment
Religion
Holiday
For Kids
Quiz Lab
Recent
Popular Today
Quiz Kudos Today
Editor Picks
Curator Picks
Quizzes by...
Day
Popularity
Type
Ratings
Length
Year
Community
Subscriptions
Recent Discussions
Orange Saloon
Badges
Playlists
Quests
Create
Leaderboards
Showdown
Live 5
Trivia Bingo
Activity
Puzzle Library
Sporcle Events
Private Events
Virtual Trivia
Globe League
Become a Host
Pub Owners
SporcleCon
Opinionation
Our Games
Videos
Blog
Mobile Apps
Partnerships
Remove Ads and Go Orange
Feedback
Sports
Athletes
MLB
NBA
NHL
NFL
Soccer
Sports Teams
WWE
NCAA
Football
Premier League
Basketball
Baseball
Hockey
Golf
Tennis
Cricket
Rugby
Auto Racing
Olympics
World Cup
Sports
Athletes
MLB
NBA
NHL
NFL
Soccer
Sports Teams
WWE
NCAA
Football
Premier League
Basketball
Baseball
Hockey
Golf
Tennis
Cricket
Rugby
Auto Racing
Olympics
World Cup
Random Quiz
Search Sporcle
×
Quiz Lab
Quiz Lab
Sports
Famous
Type in answers that appear in a list
Type in answers that appear in a list
Classic
Best Score? Go Orange.
Which NHL goaltender allowed these famous goals? Stats
Can you name the NHL goaltender who allowed these famous goals??
By
gymguy30
8m
20 Questions
108 Plays
108 Plays
108 Plays
Comments
Comments
Give Quiz Kudos
Give Quiz Kudos
-
- Ratings
hide this ad
Replay
Link that replays current quiz
Next Quiz
Link to next quiz in quiz playlist
You Got
0%
They Got
Avg Score
55%
Avg Friend Score
Upgrade to see
Score Distribution
Jump to the score distribution portion of the page
Score
0/20
Timer
08:00
0
Plays Today
Goal
Goaltender
% Correct
Brett Hull's 1999 OT Stanley Cup winner with a toe in the crease
Dominik Hasek
93.5%
Jason Arnott's 2OT 2000 Stanley Cup winner
Ed Belfour
86.1%
Uwe Krupp's 1996 OT Stanley Cup winner
John Vanbiesbrouck
78.7%
Bobby Orr's 1970 OT Stanley Cup winner flying through the air
Glenn Hall
75.9%
Steve Yzerman's 2OT winner in game 7 of the 1997 Stanley Cup semi final
Jon Casey
73.1%
Mario Lemieux's incredible goal when he went through the entire North Stars team during the 1991 Stanley Cup final
Jon Casey
73.1%
Patrick Kane's 2010 OT Stanley Cup winner
Michael Leighton
72.2%
Brad May's MAYDAY OT winner in game #4 of the first round in the 1993 playoffs
Andy Moog
68.5%
Bobby Baun's OT winner on a broken leg in the 1964 Stanley Cup final
Terry Sawchuk
67.6%
Dale Hunter's OT winner in game #7 of the 1988 Patrick Division semi final
Ron Hextall
63%
Goal
Goaltender
% Correct
Wayne Gretzky's 802nd career goal in 1994
Kirk Mclean
61.1%
Wayne Gretzky's 1851st career point in 1989
Bill Ranford
57.4%
Pat Lafontaine's 4OT winner in game #7 of the 1987 Patrick Division semi final
Bob Mason
40.7%
Guy Lafleur's tying goal late in the 3rd period of game #7 of the 1979 Stanley Cup semi final
Gilles Gilbert
39.8%
Wayne Gretzky's 50th goal in game #39 in 1981
Empty net
38%
WayneGretzky's 77th goal of the season in 1982
Don Edwards
38%
Teemu Selanne's 54th goal of his rookie season in 1993
Stephane Fiset
28.7%
Bill Barilko's 1951 OT Stanley Cup winner before being killed in a plane crash
Gerry Mcneil
25%
All 6 of Darryl Sittler's goals and the 4 he assisted on during his 1976 10 point night
Dave Reece
23.1%
Maurice Richard's 50th goal in game #50 in 1945
Harvey Bennett
15.7%
Quiz Playlist
Details
Report
Send in Message
Add To Playlist
Classic:
Type in answers that appear in a list
Last Updated: Feb 16, 2017
Quiz Scoreboard
CHALLENGE
Sign Up to Join the Scoreboard
Show All
Scores
Hide
Comments
May contain spoilers
Recently Published
An Introduction to Baseball
by treessimontrees
Sports
5m
Movies - When Are They Set?
by FPL_Elf
Movies
5m
Popular People in 1961
by mucciniale
History
6m
More to Explore
Quiz From the Vault
Featured Blog Post
Where Did the Easter Bunny Come From?
hide this ad
You Might Also Like...
Tags
Famous Quiz
NHL Quiz
Allowed
Extra
goal
Goaltender
Today's Top Quizzes in Sports
Browse Sports
hide this ad
Today's Top Quizzes in Famous
Browse Famous
Top Contributed Quizzes in Sports
1
Les meilleurs buteurs des matchs entre le PSG et l’OM
2
2022 World Cup Stars
3
FIFA Club World Cup Champions
4
Les entraîneurs de l'OM et du PSG au 21e siècle
5
Name the Premier League winners with different clubs
6
La finale Lions - Afrique du Sud 2021
7
Les joueurs passés par le LOSC et le RC Lens
8
Criteria MLB: Left Handed Sluggers
9
Players with Multiple 50 Home Run Seasons
10
5-to-1: UK Sports Teams
Explore More
Trending Topics
Disney
NBA
Marvel
Kpop
Anime
Harry Potter
Crossword
NFL
WWE
The Office
Pokémon
Puzzle
Country
Song
Soccer
hide this ad
More By:
gymguy30
Quiz
Plays
Rating
Category
Featured
Created
NHL trivia Who am I?
3,009
4.50
Sports
Sep 22, 2011
NHL 100 point seasons
2,920
4.88
Sports
Dec 17, 2011
NHL 90 point scorers of the 2000s
2,636
4.57
Sports
Oct 23, 2011
Back to the Future Quiz
1,172
4.00
Movies
Aug 25, 2011
NHL 1000 points in 1000 games
965
4.58
Sports
Sep 20, 2011
Go to Creator's Profile
Score Distribution
Quiz Creator Spotlight
gymguy30
Follow
Send a Message
Quizzes Created
-
Created Quiz Play Count
-
More By This Creator
Popular Quizzes Today
1
Find the Countries of Europe - No Outlines Minefield
2
Find the US States - No Outlines Minefield
3
The Countries of the World
4
Popular People in 1961
5
US States
6
Find the US States
7
1-10 Letter E Words III
8
Risky Map Clicking: Biggest States A-Z
More Sports Quizzes
Soft Toy Versions of Footballers
Editor's Pick
Trending Quizzes
Risky Map Clicking: Least Populous States A-Z
1-10 Letter F Words
1-10 Letter G Words
One Thing in Common: United Kingdom
Risky Map Clicking: Next State Alphabetically
Recently Updated
Leaping Animals
pecheneg
Reality TV Shows (A-Z)
bhenderson79
Rickey Henderson's Hall of Fame Teammates
pecheneg
Champions League XIs: Arsenal
pecheneg
Quick Pick: Celebrities in WWE's Hall of Fame
aduchscher
A-Z Keypad Blitz II
pecheneg
Multiple Oscar Actors
pecheneg
Mystery Phrase Blitz: Oscar 'Best Actors'
pecheneg
F. Scott Fitzgerald Novels
LTH
Pick 3 Villains
ddd62291
Trending Topics
NBA
Disney
Kpop
Marvel
Crossword
Harry Potter
Anime
Pokémon
The Office
Soccer
Country
WWE
NFL
Puzzle
Song
Your Account Isn't Verified!
In order to create a playlist on Sporcle, you need to verify the email address you used during registration. Go to your
Sporcle Settings
to finish the process.
Report this User
Report this user for behavior that violates our
Community Guidelines
.
Details:
Send Report
Go to the Sporcle.com Mobile Site →
Comments